00996nam a2200277 i 4500001001000000003000900010005001700019007000300036008004100039040003000080041000800110082001700118100003800135245005800173250002200231264004500253300002700298336002700325337003300352338002800385590002800413910000700441942001400448952023900462999001700701000029423DO-SdBNP20260520111229.0ta250109s1986 dr a 000 0 spa d aDO-SdBNPbspacBNPHUerda hspa 4axxxbxxx2221 aMateo, Tirso,eautor4aut.92928513aLa muerte del alcalde, crimen politico /cTirso Mateo aprimera edición 1aSanto Domingo :bImpresora Mateo,c1986. a90 páginas ;c27 cm. atextobtxt2rdacontent asin mediaciónbn2rdamedia avolumenbnc2rdacarrier aInventariado, 2025 / DG aDG 2ddccLBS1 00102ddc51708PDaBNPHUbBNPHUcCTd2025-01-09eDonado por la Presidencia de la República Dominicana 2023.l0oBNPHU PD p2025-0059r2025-01-09w2025-01-09yLBS1zPertenecio a la biblioteca personal de René Rodríguez Soriano. c58014d58014